15 plus grandes villes d'Amérique du Sud sur une carte - Statistiques

Statistiques générales
  • Ce quiz a été pris 37 568 fois
    9 196 depuis la dernière actualisation
  • Le résultat moyen est 9 sur 15
Réponses sur la Carte
Les réponses sont colorées sur une échelle allant du rouge au vert en fonction du pourcentage des utilisateurs qui les ont devinées à leur premier essai. Vous pouvez retrouver ces pourcentages ci-dessous.
 
Statistiques - réponses
Population Ville % Correct
13,6 M Rio de Janeiro
97%
17,0 M Buenos Aires
94%
3,90 M Brasília
90%
22,7 M São Paulo
89%
12,2 M Lima
87%
10,8 M Bogotá
85%
8,60 M Santiago
84%
3,88 M Caracas
73%
4,43 M Medellín
61%
5,35 M Belo Horizonte
33%
4,10 M Recife
29%
3,95 M Porto Alegre
23%
3,40 M Salvador
22%
3,83 M Fortaleza
20%
3,43 M Guayaquil
18%
Aucun quiz correspondant
Distribution des résultats
% des personnes avec chaque résultat
Percentile par nombre de réponses
Votre historique - résultats
Vous n’avez pas pris ce quiz depuis la dernière actualisation